MARC details
| 000 -CABECERA |
| campo de control de longitud fija |
02424nam a2200409 a 4500 |
| 003 - IDENTIFICADOR DEL NÚMERO DE CONTROL |
| campo de control |
CHAP |
| 005 - FECHA Y HORA DE LA ÚLTIMA TRANSACCIÓN |
| campo de control |
20240520131111.0 |
| 007 - CAMPO FIJO DE DESCRIPCIÓN FÍSICA--INFORMACIÓN GENERAL |
| campo de control de longitud fija |
ta |
| 008 - DATOS DE LONGITUD FIJA--INFORMACIÓN GENERAL |
| campo de control de longitud fija |
220809s2020 mx eadbfr|||| 001 0 spa d |
| 040 ## - FUENTE DE LA CATALOGACIÓN |
| Centro catalogador/agencia de origen |
mxchpua |
| 090 ## - LOCALMENTE ASIGNADO TIPO-LC NÚMERO DE CLASIFICACIÓN (OCLC); NÚMERO DE CLASIFICACIÓN LOCAL (RLIN) |
| Número de clasificación (OCLC) (R) ; Numero de clasificación, CALL (RLIN) (NR) |
T.C.847 |
| Número cutter local (OCLC) ; Número de libro/Signatura topográfica íntegra, CALL (RLIN) |
P46 EIUPA |
| Año |
2020 |
| 245 10 - MENCIÓN DE TÍTULO |
| Título |
Empresa "Siempre Alcachofa S.C.", Vicente Riva Palacio, Texcoco, México / |
| Mención de responsabilidad, etc. |
coordinadores Juan Pérez Barrón y Ofelia Sandoval Castilla ; colaboradores Diana Laura Coeto Pérez y Beatriz López Cruz |
| 260 ## - PUBLICACIÓN, DISTRIBUCIÓN, ETC. |
| Lugar de publicación, distribución, etc. |
Chapingo, México : |
| Nombre del editor, distribuidor, etc. |
El autor, |
| Fecha de publicación, distribución, etc. |
2020 |
| 300 ## - DESCRIPCIÓN FÍSICA |
| Extensión |
111 hojas : |
| Otras características físicas |
gráficas, planos, fotos + |
| Material acompañante/anejo |
1 CD-ROM |
| 336 ## - TIPO DE CONTENIDO |
| Fuente |
rdacontent |
| Término de tipo de contenido |
texto |
| Código de tipo de contenido |
txt |
| 337 ## - TIPO DE MEDIO |
| Fuente |
rdamedia |
| Nombre/término del tipo de medio |
no mediado |
| Código del tipo de medio |
n |
| 338 ## - TIPO DE SOPORTE |
| Fuente |
rdacarrier |
| Nombre/término del tipo de soporte |
volumen |
| Código del tipo de soporte |
nc |
| 500 ## - NOTA GENERAL |
| Nota general |
Grado: 7° año Grupo: 01 y 04 |
| 502 ## - NOTA DE TESIS |
| Nota de tesis |
Viaje de Estudios |
| Tipo de título |
(EIUPA) -- |
| Nombre de la institución que otorga el título |
UACh. Departamento de Ingeniería Agroindustrial, |
| Año de obtención del título |
2020 |
| 504 ## - NOTA DE BIBLIOGRAFÍA, ETC. |
| Nota de bibliografía, etc. |
Bibliografía: hojas 86-89 |
| 505 0# - NOTA DE CONTENIDO CON FORMATO |
| Nota de contenido con formato |
Contiene 4 planos --<br/>1. Plano de Distribución de áreas (Esc. 1:50) --<br/>2. Plano de Distribución de equipos (Esc. 1:50) --<br/>3. Plano de Diagrama de recorrido (Esc. 1:50) --<br/>4. Plano de Diagrama de recorrido propuesta (Esc. 1:50) --<br/>5. Plano Diagrama de flujo |
| 650 13 - PUNTO DE ACCESO ADICIONAL DE MATERIA--TÉRMINO DE MATERIA |
| Término de materia o nombre geográfico como elemento de entrada |
Alcachofas |
| Subdivisión general |
Comercialización |
| 650 10 - PUNTO DE ACCESO ADICIONAL DE MATERIA--TÉRMINO DE MATERIA |
| Término de materia o nombre geográfico como elemento de entrada |
Industria de productos hortícolas |
| Subdivisión geográfica |
México |
| -- |
Texcoco |
| 650 13 - PUNTO DE ACCESO ADICIONAL DE MATERIA--TÉRMINO DE MATERIA |
| 9 (RLIN) |
148404 |
| Término de materia o nombre geográfico como elemento de entrada |
Plantas empacadoras |
| 650 13 - PUNTO DE ACCESO ADICIONAL DE MATERIA--TÉRMINO DE MATERIA |
| Término de materia o nombre geográfico como elemento de entrada |
Artichokes |
| Subdivisión general |
Commercialization |
| 650 13 - PUNTO DE ACCESO ADICIONAL DE MATERIA--TÉRMINO DE MATERIA |
| Término de materia o nombre geográfico como elemento de entrada |
Horticultural products industry |
| Subdivisión geográfica |
Mexico |
| -- |
Texcoco |
| 650 13 - PUNTO DE ACCESO ADICIONAL DE MATERIA--TÉRMINO DE MATERIA |
| 9 (RLIN) |
148403 |
| Término de materia o nombre geográfico como elemento de entrada |
Packing houses |
| 700 1# - PUNTO DE ACCESO ADICIONAL--NOMBRE DE PERSONA |
| Nombre de persona |
Pérez Barrón, Juan |
| Término indicativo de función/relación |
coordinador |
| 9 (RLIN) |
148338 |
| 700 1# - PUNTO DE ACCESO ADICIONAL--NOMBRE DE PERSONA |
| Nombre de persona |
Sandoval Castilla, Ofelia |
| Término indicativo de función/relación |
coordinadora |
| 9 (RLIN) |
151810 |
| 700 1# - PUNTO DE ACCESO ADICIONAL--NOMBRE DE PERSONA |
| 9 (RLIN) |
185394 |
| Nombre de persona |
Coeto Pérez, Diana Laura |
| Término indicativo de función/relación |
colaboradora |
| 700 1# - PUNTO DE ACCESO ADICIONAL--NOMBRE DE PERSONA |
| 9 (RLIN) |
185395 |
| Nombre de persona |
López Cruz, Beatriz |
| Término indicativo de función/relación |
colaboradora |
| 856 41 - LOCALIZACIÓN Y ACCESO ELECTRÓNICOS |
| Identificador Uniforme del Recurso |
<a href="http://10.13.5.2/ve/T_C_847_EIUPA/T_C_847_EIUPA_2019_PLANO_REPORTE.pdf">http://10.13.5.2/ve/T_C_847_EIUPA/T_C_847_EIUPA_2019_PLANO_REPORTE.pdf</a> |
| Texto de enlace |
DESCARGAR REPORTE |
| 856 41 - LOCALIZACIÓN Y ACCESO ELECTRÓNICOS |
| Identificador Uniforme del Recurso |
<a href="http://10.13.5.2/ve/T_C_847_EIUPA/T_C_847_EIUPA_2019_PLANO_DISTRIBUCION_DE_EQUIPO.pdf">http://10.13.5.2/ve/T_C_847_EIUPA/T_C_847_EIUPA_2019_PLANO_DISTRIBUCION_DE_EQUIPO.pdf</a> |
| Texto de enlace |
DESCARGAR PLANO DE DISTRIBUCIÓN DE EQUIPOS |
| 856 41 - LOCALIZACIÓN Y ACCESO ELECTRÓNICOS |
| Identificador Uniforme del Recurso |
<a href="http://10.13.5.2/ve/T_C_847_EIUPA/T_C_847_EIUPA_2019_PLANO_DIAGRAMA_DE_RECORRIDO_ACTUAL.pdf">http://10.13.5.2/ve/T_C_847_EIUPA/T_C_847_EIUPA_2019_PLANO_DIAGRAMA_DE_RECORRIDO_ACTUAL.pdf</a> |
| Texto de enlace |
DESCARGAR PLANO DE DIAGRAMA DE RECORRIDO |
| 856 41 - LOCALIZACIÓN Y ACCESO ELECTRÓNICOS |
| Identificador Uniforme del Recurso |
<a href="http://10.13.5.2/ve/T_C_847_EIUPA/T_C_847_EIUPA_2019_PLANO_DIAGRAMA_DE_RECORRIDO_PROPUESTO.pdf">http://10.13.5.2/ve/T_C_847_EIUPA/T_C_847_EIUPA_2019_PLANO_DIAGRAMA_DE_RECORRIDO_PROPUESTO.pdf</a> |
| Texto de enlace |
DESCARGAR PLANO DE DIAGRAMA DE RECORRIDO PROPUESTA |
| 856 41 - LOCALIZACIÓN Y ACCESO ELECTRÓNICOS |
| Identificador Uniforme del Recurso |
<a href="http://10.13.5.2/ve/T_C_847_EIUPA/T_C_847_EIUPA_2019_PLANO_DIAGRAMA_DE_FLUJO.pdf">http://10.13.5.2/ve/T_C_847_EIUPA/T_C_847_EIUPA_2019_PLANO_DIAGRAMA_DE_FLUJO.pdf</a> |
| Texto de enlace |
DESCARGAR PLANO DIAGRAMA DE FLUJO |